Normal view
MARC view
- STAFF OF D. A. T. A
Entry Personal Name
001 - CONTROL NUMBER
- control field: 79986
003 - CONTROL NUMBER IDENTIFIER
- control field: NUST
005 - DATE AND TIME OF LATEST TRANSACTION
- control field: 20210628210552.0
008 - FIXED-LENGTH DATA ELEMENTS
- fixed length control field: 210628|| aca||aabn | a|a d
040 ## - CATALOGING SOURCE
- Original cataloging agency: NUST
- Transcribing agency: NUST
100 ## - HEADING--PERSONAL NAME
- Personal name: STAFF OF D. A. T. A
670 ## - SOURCE DATA FOUND
- Source citation: Work cat.: (NUST): STAFF OF D. A. T. A., DIODE AND SCR D. A. T. A. BOOK, 1969
